Key of light / (Record no. 234527)

000 -LEADER
fixed length control field 01494cam a22003853a 4500
001 - CONTROL NUMBER
control field 13804871
003 - CONTROL NUMBER IDENTIFIER
control field Nust
005 - DATE AND TIME OF LATEST TRANSACTION
control field 20180801051107.0
008 - FIXED-LENGTH DATA ELEMENTS--GENERAL INFORMATION
fixed length control field 031022s2003 nyu 000 1 eng d
010 ## - LIBRARY OF CONGRESS CONTROL NUMBER
LC control number 2004718982
020 ## - INTERNATIONAL STANDARD BOOK NUMBER
International Standard Book Number 9780749934279 (pbk.)
Terms of availability Rs. 456
035 ## - SYSTEM CONTROL NUMBER
System control number (OCoLC)ocm53250696
038 ## - RECORD CONTENT LICENSOR
Staff Name Arshad
040 ## - CATALOGING SOURCE
Original cataloging agency JAG
Transcribing agency JAG
Modifying agency JED
-- MR0
-- LVC
-- XY4
-- DLC
042 ## - AUTHENTICATION CODE
Authentication code lccopycat
050 00 - LIBRARY OF CONGRESS CALL NUMBER
Classification number CPB Box no. 2257 vol. 5
082 ## - DEWEY DECIMAL CLASSIFICATION NUMBER
Classification number 813.54
Author Mark ROB
100 1# - MAIN ENTRY--PERSONAL NAME
Personal name Roberts, Nora.
9 (RLIN) 4521
245 10 - TITLE STATEMENT
Title Key of light /
Statement of responsibility, etc. Nora Roberts.
250 ## - EDITION STATEMENT
Edition statement Jove ed.
260 ## - PUBLICATION, DISTRIBUTION, ETC.
Place of publication, distribution, etc. New York :
Name of publisher, distributor, etc. Jove Books,
Date of publication, distribution, etc. 2003.
300 ## - PHYSICAL DESCRIPTION
Extent 342 p. ;
Dimensions 18 cm.
490 1# - SERIES STATEMENT
Series statement First in the dazzling new Key trilogy
500 ## - GENERAL NOTE
General note Includes a preview of the next book in the series: Key of knowledge.
520 ## - SUMMARY, ETC.
Summary, etc. Three woman. Three keys. Each has 28 days to find her way through a dangerous quest. Nora Roberts brings us a unique series with a twist-each novel is written in real time, and the novels will be published in consecutive months.
650 #0 - SUBJECT ADDED ENTRY--TOPICAL TERM
Topical term or geographic name entry element Quests (Expeditions)
Form subdivision Fiction.
9 (RLIN) 12200
650 #0 - SUBJECT ADDED ENTRY--TOPICAL TERM
Topical term or geographic name entry element Mythology, Celtic
Form subdivision Fiction.
9 (RLIN) 12201
655 #7 - INDEX TERM--GENRE/FORM
Genre/form data or focus term Adventure fiction.
Source of term gsafd
9 (RLIN) 5620
655 #7 - INDEX TERM--GENRE/FORM
Genre/form data or focus term Fantasy fiction.
Source of term gsafd
9 (RLIN) 1087
710 2# - ADDED ENTRY--CORPORATE NAME
Corporate name or jurisdiction name as entry element Copyright Paperback Collection (Library of Congress)
Institution to which field applies DLC
9 (RLIN) 1743
800 1# - SERIES ADDED ENTRY--PERSONAL NAME
Personal name Roberts, Nora.
Title of a work Key trilogy ;
Volume/sequential designation 1st.
9 (RLIN) 12202
906 ## - LOCAL DATA ELEMENT F, LDF (RLIN)
a 7
b cbc
c copycat
d 2
e ncip
f 20
g y-genrareb
942 ## - ADDED ENTRY ELEMENTS (KOHA)
Source of classification or shelving scheme
Koha item type Book
Holdings
Withdrawn status Lost status Source of classification or shelving scheme Damaged status Not for loan Collection code Permanent Location Current Location Shelving location Date acquired Total Checkouts Total Renewals Full call number Barcode Checked out Date last seen Date last checked out Copy number Price effective from Koha item type
            Central Library (CL) Central Library (CL) Fiction 03/22/2017 3 2 813.54 ROB CL1015 03/29/2026 01/28/2026 01/28/2026 1 03/22/2017 Book
© 2023 Central Library, National University of Sciences and Technology. All Rights Reserved.